BIBLIOTECA

SENCICO

Cómo leer edificios : (Registro nro. 4142)

Detalles MARC
000 -LEADER
fixed length control field 00969nam a22002417a 4500
003 - CONTROL NUMBER IDENTIFIER
control field PE SENCICO BE
005 - DATE AND TIME OF LATEST TRANSACTION
control field 20251020182636.0
008 - FIXED-LENGTH DATA ELEMENTS--GENERAL INFORMATION
fixed length control field 230510b |||||||| |||| 00| 0 eng d
020 ## - INTERNATIONAL STANDARD BOOK NUMBER
International Standard Book Number 978-84-96669-82-6
040 ## - CATALOGING SOURCE
Original cataloging agency PE SENCICO BE
Transcribing agency PE SENCICO BE
082 ## - DEWEY DECIMAL CLASSIFICATION NUMBER
Classification number 720.22
Item number D19
100 1# - MAIN ENTRY--PERSONAL NAME
9 (RLIN) 1018
Personal name Davidson Cragoe, Carol
Relator term autor
245 1# - TITLE STATEMENT
Title Cómo leer edificios :
Remainder of title un curso rápido sobre los estilos arquitectónicos /
Statement of responsibility, etc. Carol Davidson Cragoe
250 ## - EDITION STATEMENT
Edition statement [1a ed.]
260 ## - PUBLICATION, DISTRIBUTION, ETC.
Place of publication, distribution, etc. Madrid :
Name of publisher, distributor, etc. H. Blume,
Date of publication, distribution, etc. 2013
300 ## - PHYSICAL DESCRIPTION
Extent 256 p. :
Other physical details il. ;
Dimensions 16 cm.
505 2# - FORMATTED CONTENTS NOTE
Formatted contents note Tipos de edificios -- Gramática del estilo -- Materiales -- Columnas y capiteles -- Arcos -- Tejados y hastiales -- Bóvedas -- Cúpulas -- Torres -- Puertas y porches -- Ventanas -- Escaleras -- Chimeneas -- Ornamentos.
650 14 - SUBJECT ADDED ENTRY--TOPICAL TERM
9 (RLIN) 821
Topical term or geographic name entry element Estilos arquitectónicos
650 24 - SUBJECT ADDED ENTRY--TOPICAL TERM
9 (RLIN) 1019
Topical term or geographic name entry element Arquitectura clásica
650 24 - SUBJECT ADDED ENTRY--TOPICAL TERM
9 (RLIN) 945
Topical term or geographic name entry element Arquitectura antigua
910 ## - USER-OPTION DATA (OCLC)
-- hfp
-- hfp
942 ## - ADDED ENTRY ELEMENTS (KOHA)
Source of classification or shelving scheme Dewey Decimal Classification
Koha item type Libros
Existencias
Fecha de la última vez que lo usaron Número de ingreso o de inventario Pago total Signatura topográfica completa Precio efectivo desde Tipo de documento Estado perdido Sistema de clasificación Estado dañado No es para préstamo Retirado Ubicación permanente Ubicación actual Fecha de adquisición
10/05/2023 15979   720.22/D19 10/05/2023 Libros   Dewey Decimal Classification       Biblioteca Central Lima Biblioteca Central Lima 10/05/2023